An Introduction to Queueing Networks
Αποθηκεύτηκε σε:
| Κύριος συγγραφέας: | |
|---|---|
| Μορφή: | Βιβλίο |
| Γλώσσα: | English |
| Δημοσίευση: |
Englewood Cliffs NJ :
Prentice-Hall,
c1988
|
| Θέματα: | |
| Ετικέτες: |
Προσθήκη ετικέτας
Δεν υπάρχουν, Καταχωρήστε ετικέτα πρώτοι!
|
MARC
| LEADER | 00000nam a2200000 i 4500 | ||
|---|---|---|---|
| 001 | 1/63042 | ||
| 008 | 941103s1988 eng d | ||
| 020 | |a 0-13-493818-6 | ||
| 035 | |a 1991 |c ΠΑΠΑΔΟΠΟΥΛΟΣ |l 10046722 | ||
| 040 | |a GR-MY-UA |b gre |e aacr | ||
| 041 | 0 | |a eng | |
| 082 | 0 | |a 519.82 | |
| 100 | 1 | |a Walrand, Jean. | |
| 245 | 1 | 3 | |a An Introduction to Queueing Networks / |c Jean Walrand |
| 246 | 3 | 3 | |a Oueueing Networks |
| 260 | |a Englewood Cliffs NJ : |b Prentice-Hall, |c c1988 | ||
| 300 | |a 384 p.; |c 22 cm. | ||
| 500 | |a Includes bibliographical references and index | ||
| 650 | 0 | 0 | |a Queuing theory. |
| 852 | |a INST |b SAMOS |e 19941103 |h 519.82 WAL |p 005300003362 |q 005300003362 |t BK |y 0 | ||
| 909 | |a Σ |b 021192 | ||